000 01103cas a22002295 4500
001 L152462
008 110309c2011 xxuqr ws s 0 a0eng u
035 _a(Sirsi) u152462
041 0 _aeng
050 _a333.33 $2 18
110 2 _aJones Lang LaSalle
_93755
245 0 0 _aInteractive market indicators
_boffice and industrial
_h[electronic resource]
260 _a[S.l.]
_bJones Lang LaSalle
_c2011
362 0 _aCurrent quarterly map only
490 0 _aInteractive Market Indicators Office and Industrial
_vQ4 2010-
520 _aPresents statistics on office average rents, direct and total vacancies as well as industrial net absorption, net absorption YTD, net YTD (%), under construction and new compilations. Interactive map provides local quarter overview for each city on the map.
554 _aFour per year
651 4 _aUnited States
_y1959-
690 _aPROPERTY-COMMERCIAL PROPERTY-COMMERCIAL PROPERTY MARKET
856 4 0 _uhttps://www.us.am.joneslanglasalle.com/UnitedStates/EN-US/Pages/Research.aspx
_zView the map free of charge at www.us.am.joneslanglasalle.com
942 _n0
999 _c119308
_d119308